[Event "ICS rated blitz match"]
[Site "207.99.83.227"]
[Date "1999.04.30"]
[Round "?"]
[White "SiBond"]
[Black "Hossa"]
[Result "1/2-1/2"]
[WhiteElo "2373"]
[BlackElo "2562"]
[PlyCount "124"]

1. e4 c5 2. Nf3 e6 3. b3 Nc6 4. Bb5 Nf6 5. e5 Ng4 6. Bb2 f6 7. exf6 Nxf6 8. O-O
Be7 9. Nc3 O-O 10. Qe2 Nb4 11. d4 a6 12. a3 Nxc2 13. Qxc2 axb5 14. dxc5 Bxc5
15. b4 Bb6 16. Nxb5 d5 17. Be5 Nd7 18. Bd6 Rxf3 19. gxf3 Qg5+ 20. Kh1 Qh5 21.
Qe2 Qh3 22. Rfc1 Nf6 23. Bc7 Bxc7 24. Rxc7 Ne8 25. Re7 Nf6 26. Nc7 Kf8 27.
Nxe6+ Bxe6 28. Rxe6 Rc8 29. Re1 Qf5 30. Re7 b5 31. Qe3 Rb8 32. Ra7 Kg8 33. Qe6+
Qxe6 34. Rxe6 Nh5 35. Re5 Nf6 36. Ree7 Ne8 37. Red7 d4 38. Rxd4 Nf6 39. Kg2 Kf8
40. Rd6 Kg8 41. h4 Ne8 42. Rdd7 Rb6 43. Ra8 Kf8 44. h5 Rh6 45. Rd5 Kf7 46. Ra7+
Ke6 47. Rxb5 Nd6 48. Rg5 g6 49. hxg6 Rxg6 50. Rxg6+ hxg6 51. Ra6 Kd5 52. Rxd6+
Kxd6 53. Kg3 g5 54. Kg4 Kc6 55. Kxg5 Kd5 56. f4 Kd6 57. f5 Kc6 58. f6 Kd7 59.
Kg6 Ke6 60. f7 Ke7 61. b5 Ke6 62. f8=Q 62... Kd5 {
SiBond ran out of time and Hossa has no material to mate} 1/2-1/2

[Event "ICS rated blitz match"]
[Site "207.99.83.227"]
[Date "1999.04.30"]
[Round "?"]
[White "Hossa"]
[Black "SiBond"]
[Result "1-0"]
[WhiteElo "2555"]
[BlackElo "2395"]
[PlyCount "55"]

1. e4 e5 2. Nf3 Nf6 3. d4 Nxe4 4. Bd3 d5 5. Nxe5 Be7 6. Nd2 Nxd2 7. Bxd2 Nc6 8.
Nxc6 bxc6 9. Qh5 Rb8 10. b3 Bf6 11. O-O Bxd4 12. Rae1+ Kf8 13. Bg5 Bf6 14. Be3
Qd6 15. Bxa7 Ra8 16. Be3 Bc3 17. Qh4 f6 18. Re2 Rxa2 19. Kh1 h5 20. Bg6 Be6 21.
Bc5 Qxc5 22. Rxe6 Ra8 23. Qa4 Rd8 24. Rxc6 Qa5 25. Rxc3 Qxa4 26. bxa4 Rh6 27.
Bd3 Rd7 28. Bb5 {SiBond resigns} 1-0

[Event "ICS rated blitz match"]
[Site "207.99.83.227"]
[Date "1999.04.30"]
[Round "?"]
[White "MrGambit456"]
[Black "Hossa"]
[Result "1-0"]
[WhiteElo "2244"]
[BlackElo "2564"]
[PlyCount "87"]

1. e4 c5 2. Nf3 e6 3. d4 Nc6 4. Nc3 cxd4 5. Nxd4 Bb4 6. Nxc6 Bxc3+ 7. bxc3 bxc6
8. Qd6 Ne7 9. Ba3 f5 10. Qe5 O-O 11. Bd3 fxe4 12. Qxe4 g6 13. O-O d6 14. Bc1
Rb8 15. Bg5 Qd7 16. Rfd1 Nd5 17. Bd2 Rb2 18. c4 Nb4 19. Bc3 Nxd3 20. Qxd3 Rb7
21. Qxd6 Qf7 22. Qd4 e5 23. Qxe5 Qxf2+ 24. Kh1 Qf5 25. Qh8+ Kf7 26. Qg7+ Ke8
27. Re1+ Kd8 28. Ba5+ Qxa5 29. Qxf8+ Kc7 30. Qf4+ Kb6 31. Qd6 Bd7 32. Reb1+ Ka6
33. Rxb7 Kxb7 34. Qxd7+ Kb6 35. Qd8+ Ka6 36. Qc8+ Kb6 37. Rb1+ Kc5 38. Qf8+
Kxc4 39. Qf4+ Kc3 40. Rb3+ Kxc2 41. Qe4+ Kc1 42. Rb1+ Kd2 43. Rb2+ Kd1 44. Qb1#
{Hossa checkmated} 1-0

[Event "ICS Rated blitz match"]
[Site "207.99.83.227"]
[Date "1999.04.30"]
[Round "?"]
[White "nimraz"]
[Black "Hossa"]
[Result "0-1"]
[WhiteElo "2246"]
[BlackElo "2536"]
[PlyCount "42"]

1. e4 e5 2. d4 exd4 3. Nf3 Bb4+ 4. c3 dxc3 5. bxc3 Be7 6. Bc4 Nh6 7. Bxh6 gxh6
8. Qd5 O-O 9. Qh5 Bf6 10. Qxh6 Nc6 11. O-O Bg7 12. Qh5 Qf6 13. Nbd2 Qg6 14. Qh4
Bxc3 15. Bd5 Bxa1 16. Rxa1 d6 17. h3 Nb4 18. Bb3 Be6 19. Rc1 c5 20. Qf4 Nd3 21.
Qe3 21... Nxc1 {nimraz resigns} 0-1

[Event "ICS rated blitz match"]
[Site "207.99.83.227"]
[Date "1999.04.30"]
[Round "?"]
[White "Hossa"]
[Black "SuperChicken"]
[Result "1-0"]
[WhiteElo "2541"]
[BlackElo "2750"]
[PlyCount "109"]

1. e4 c5 2. Nf3 Nc6 3. d4 cxd4 4. Nxd4 Nf6 5. Nc3 Qb6 6. Nb3 Qc7 7. Bd3 Nb4 8.
O-O Nxd3 9. Qxd3 Ng4 10. f4 Qd8 11. Bd2 e6 12. Qg3 h5 13. h3 Qb6+ 14. Kh1 Nf6
15. e5 h4 16. Qe1 Nd5 17. Nxd5 exd5 18. Ba5 Qg6 19. f5 Qc6 20. Nd4 Qc5 21. Rd1
Qc4 22. Rf4 Qa6 23. f6 g6 24. a4 b6 25. Bb4 g5 26. Nb5 Kd8 27. Be7+ Bxe7 28.
fxe7+ Kxe7 29. Qb4+ Ke8 30. Nc7+ Kd8 31. Nxa6 gxf4 32. Qb5 Bb7 33. Rxd5 Bxd5
34. Qxd5 Rc8 35. Qxf7 Re8 36. Qf6+ Re7 37. Qh8+ Re8 38. Qxh4+ Re7 39. Nb4 Rc5
40. Qxf4 Re8 41. Qh4+ Re7 42. Qh8+ Re8 43. Qf6+ Re7 44. Qd6 Rexe5 45. Nd3 Re6
46. Qf8+ Re8 47. Qf6+ Kc7 48. Nxc5 bxc5 49. Qa6 Ra8 50. c4 Rc8 51. Qxa7+ Kd8
52. g4 Ke7 53. g5 Rc6 54. h4 Re6 55. Qxc5+ {SuperChicken resigns} 1-0

[Event "ICS rated blitz match"]
[Site "207.99.83.227"]
[Date "1999.04.30"]
[Round "?"]
[White "MrGambit456"]
[Black "Hossa"]
[Result "1-0"]
[WhiteElo "2356"]
[BlackElo "2566"]
[PlyCount "136"]

1. e4 e5 2. Nf3 Nf6 3. Nxe5 Qe7 4. d4 d6 5. Nf3 Qxe4+ 6. Be2 Bf5 7. O-O Qxc2 8.
Qxc2 Bxc2 9. Na3 Ba4 10. Nb5 Nd5 11. Bc4 Bxb5 12. Bxb5+ Nd7 13. Ng5 c6 14. Bd3
h6 15. Nf3 Be7 16. Bd2 O-O 17. Rfe1 Rae8 18. Re2 Bf6 19. Rae1 Rxe2 20. Rxe2 Be7
21. Kf1 Re8 22. Ke1 N7f6 23. Nh4 Bd8 24. Nf5 Rxe2+ 25. Kxe2 Bc7 26. g3 h5 27.
h3 g6 28. Nh4 Bb6 29. Nf3 c5 30. dxc5 Bxc5 31. Ng5 Bd4 32. Ne4 Nxe4 33. Bxe4
Nb6 34. b3 d5 35. Bg2 Be5 36. a4 d4 37. Bxb7 Kg7 38. Bb4 Nd7 39. Kd3 g5 40. a5
Kf6 41. Ke4 Ke6 42. Bd5+ Kf6 43. f4 gxf4 44. gxf4 Bc7 45. Bd2 Kg6 46. Kxd4 Nf6
47. Bc4 Kf5 48. Bd3+ Ke6 49. b4 Bd6 50. f5+ Ke7 51. b5 Bc7 52. Bb4+ Bd6 53.
Bxd6+ Kxd6 54. Bc4 Ke7 55. h4 Nd7 56. Be2 Kf6 57. Bxh5 Kxf5 58. Bxf7 Kf4 59.
Kd5 Kg3 60. Be6 Nf6+ 61. Ke5 Nh5 62. b6 axb6 63. axb6 Kxh4 64. b7 Kg5 65. b8=Q
Nf4 66. Qd8+ Kh6 67. Kxf4 Kg6 68. Qg5+ 68... Kh7 {Hossa resigns} 1-0

[Event "ICS rated blitz match"]
[Site "207.99.83.227"]
[Date "1999.04.30"]
[Round "?"]
[White "Hossa"]
[Black "MrGambit456"]
[Result "0-1"]
[WhiteElo "2541"]
[BlackElo "2381"]
[PlyCount "125"]

1. e4 c5 2. Nf3 d6 3. d4 cxd4 4. Nxd4 Nf6 5. Nc3 g6 6. Bd3 Bg7 7. O-O O-O 8.
Bg5 d5 9. exd5 Nxd5 10. Ndb5 Nxc3 11. Nxc3 Nc6 12. Qd2 Ne5 13. Bh6 Nxd3 14.
cxd3 Bxh6 15. Qxh6 Bf5 16. Rfe1 Re8 17. Re5 Qxd3 18. Rd1 Qc4 19. Rde1 e6 20.
Ra5 Bc2 21. Rb5 b6 22. Rc1 Rad8 23. Re5 Qd4 24. Re3 Qd2 25. Ra1 Bf5 26. Rae1
Qxb2 27. a4 Rd2 28. Rf3 Rd4 29. Rfe3 Rc8 30. Nb5 Rxa4 31. Nd6 Rc5 32. Qg5 f6
33. Qg3 Re5 34. Qf3 Rxe3 35. Qa8+ Kg7 36. fxe3 Be4 37. Nxe4 Ra2 38. Nd2 Qxd2
39. Rf1 Qxe3+ 40. Kh1 Qf2 41. Qb7+ Kh6 42. Rc1 Re2 43. h3 a5 44. Rg1 e5 45. Qf7
e4 46. Qf8+ Kg5 47. Qe7 h5 48. Qg7 e3 49. Qd7 Rb2 50. Qd5+ Kh6 51. Qd4 h4 52.
Qc4 e2 53. Qc1+ Kh5 54. Re1 a4 55. Qc3 a3 56. Rg1 a2 57. Qxb2 Qxg1+ 58. Kxg1
e1=Q+ 59. Kh2 a1=Q 60. Qe2+ Kh6 61. Qd2+ g5 62. Qxe1 Qxe1 63. g3 {Hossa resigns
} 0-1

[Event "ICS rated blitz match"]
[Site "207.99.83.227"]
[Date "1999.04.30"]
[Round "?"]
[White "ribadeepmind"]
[Black "Hossa"]
[Result "0-1"]
[WhiteElo "2147"]
[BlackElo "2518"]
[PlyCount "46"]

1. e4 c5 2. Nf3 d6 3. Be2 Nf6 4. d3 e5 5. c4 Be7 6. h3 O-O 7. O-O Nc6 8. Nc3
Nd4 9. Be3 Be6 10. Bxd4 cxd4 11. Nd5 Nxd5 12. cxd5 Bd7 13. Rc1 f5 14. Nd2 fxe4
15. Nxe4 Rf4 16. Bf3 Rc8 17. Kh2 Bxh3 18. gxh3 Rxc1 19. Qxc1 Rxf3 20. Rg1 Rxd3
21. Qh6 Qf8 22. Rg2 g6 23. h4 23... Qxh6 {ribadeepmind resigns} 0-1

[Event "ICS rated blitz match"]
[Site "207.99.83.227"]
[Date "1999.04.30"]
[Round "?"]
[White "Hossa"]
[Black "ribadeepmind"]
[Result "1-0"]
[WhiteElo "2521"]
[BlackElo "2144"]
[PlyCount "53"]

1. e4 e5 2. Nf3 Qe7 3. Be2 Nf6 4. Nc3 c6 5. d4 d6 6. O-O g6 7. b3 Qc7 8. d5 c5
9. Ng5 Bg7 10. f4 Nbd7 11. Nf3 a6 12. fxe5 Nxe5 13. Nxe5 dxe5 14. d6 Qd7 15.
Bg5 Ng8 16. Bc4 f6 17. Nd5 Rb8 18. Rxf6 Nxf6 19. Bxf6 b5 20. Nc7+ Kf8 21. Be7+
Qxe7 22. dxe7+ Kxe7 23. Bd5 Bd7 24. Nxa6 Rb6 25. Nxc5 Bc8 26. a4 Bh6 27. Qe2 {
ribadeepmind resigns} 1-0

[Event "ICS rated blitz match"]
[Site "207.99.83.227"]
[Date "1999.04.30"]
[Round "?"]
[White "MrGambit456"]
[Black "Hossa"]
[Result "1-0"]
[WhiteElo "2399"]
[BlackElo "2524"]
[PlyCount "114"]

1. d4 d5 2. c4 dxc4 3. Nf3 f5 4. Na3 c3 5. bxc3 Nf6 6. e3 Ne4 7. Ne5 Be6 8. Qf3
Nd7 9. Nac4 Nxc3 10. Qxb7 Rb8 11. Qxa7 Ra8 12. Qb7 Bxc4 13. Nxc4 Nxa2 14. Bd2
Rb8 15. Qc6 Nb4 16. Bxb4 Rxb4 17. Ne5 Rb6 18. Qxd7+ Qxd7 19. Ra8+ Qd8 20. Rxd8+
Kxd8 21. Nf7+ Ke8 22. Nxh8 g6 23. h4 Bg7 24. h5 Bxh8 25. hxg6 Rxg6 26. Rxh7 Bg7
27. g3 Kf7 28. Bd3 Rf6 29. f3 Kg6 30. Rh2 Re6 31. Kd2 Bh6 32. f4 Rb6 33. g4
Rb2+ 34. Bc2 Bg7 35. Rh5 e6 36. Rg5+ Kf6 37. gxf5 Rxc2+ 38. Kxc2 exf5 39. Kd3
Bf8 40. e4 fxe4+ 41. Kxe4 Bd6 42. d5 Bb4 43. Re5 Kf7 44. Re6 Bd6 45. Kf5 Ba3
46. Rf6+ Ke7 47. Kg6 Bb2 48. Re6+ Kd7 49. f5 Bc3 50. f6 Bb4 51. f7 Bc5 52. Kg7
Bb4 53. Rc6 Be1 54. f8=Q Bh4 55. Qf4 Bg3 56. Qxg3 Ke8 57. Qe5+ 57... Kd7 {
Hossa resigns} 1-0

[Event "ICS rated blitz match"]
[Site "207.99.83.227"]
[Date "1999.04.30"]
[Round "?"]
[White "Hossa"]
[Black "ColonialPast"]
[Result "1-0"]
[WhiteElo "2502"]
[BlackElo "2217"]
[PlyCount "43"]

1. d4 Nf6 2. c4 e6 3. Nc3 Bb4 4. Qc2 O-O 5. Bg5 h6 6. Bh4 d5 7. e3 g5 8. Bg3
Ne4 9. Nge2 c5 10. a3 cxd4 11. axb4 dxc3 12. bxc3 Nc6 13. Nd4 Nxd4 14. exd4 f5
15. Be5 g4 16. Be2 Qg5 17. Ra2 Bd7 18. O-O f4 19. f3 Nf6 20. fxg4 Nxg4 21. h4
Qxh4 22. Qg6# {ColonialPast checkmated} 1-0

[Event "ICS rated blitz match"]
[Site "207.99.83.227"]
[Date "1999.04.30"]
[Round "?"]
[White "ColonialPast"]
[Black "Hossa"]
[Result "0-1"]
[WhiteElo "2212"]
[BlackElo "2507"]
[PlyCount "82"]

1. e4 c5 2. Nf3 d6 3. d4 cxd4 4. Nxd4 Nf6 5. Nc3 g6 6. Be3 Bg7 7. f3 Nc6 8. Qd2
Nxd4 9. Bxd4 O-O 10. O-O-O Be6 11. Kb1 Qc7 12. g4 Rfc8 13. h4 Qa5 14. a3 Rab8
15. h5 gxh5 16. gxh5 Nxh5 17. Bxg7 Kxg7 18. Bd3 Nf6 19. Rdg1+ Kf8 20. f4 Bc4
21. Qg2 Bxd3 22. cxd3 Ke8 23. Nd5 Nxd5 24. exd5 Kd7 25. Rxh7 Rf8 26. Qe4 Qd2
27. f5 Kd8 28. Rgg7 Rc8 29. f6 exf6 30. Rxf7 Rc1+ 31. Ka2 Rxf7 32. Rxf7 Qe1 33.
Qxe1 Rxe1 34. Rxf6 Kc7 35. Kb3 Re7 36. Kc4 a6 37. b4 b5+ 38. Kd4 Kd7 39. Rh6
Kc7 40. Re6 Rg7 41. Rg6 41... Rxg6 {ColonialPast resigns} 0-1

[Event "ICS rated blitz match"]
[Site "207.99.83.227"]
[Date "1999.04.30"]
[Round "?"]
[White "Hossa"]
[Black "ColonialPast"]
[Result "1-0"]
[WhiteElo "2512"]
[BlackElo "2207"]
[PlyCount "69"]

1. d4 Nf6 2. c4 e6 3. Nc3 Bb4 4. Qc2 O-O 5. Bg5 h6 6. Bh4 d5 7. e3 Nbd7 8.
O-O-O Bxc3 9. bxc3 c6 10. Nf3 Qa5 11. Nd2 Ne4 12. Nxe4 dxe4 13. Be7 Re8 14. Bb4
Qf5 15. Ba3 Qg6 16. Kb1 f5 17. f4 Nf6 18. Qf2 Bd7 19. Re1 a6 20. Bc5 b5 21. Kc2
Rab8 22. Rb1 Kh7 23. Rg1 Ng4 24. Qg3 Nf6 25. Qxg6+ Kxg6 26. h3 h5 27. Bd6 Rb7
28. Be2 Kf7 29. Be5 g6 30. g4 hxg4 31. hxg4 Bc8 32. Rg3 bxc4 33. gxf5 gxf5 34.
Rbg1 Rg8 35. Bh5+ {ColonialPast resigns} 1-0

[Event "ICS rated blitz match"]
[Site "207.99.83.227"]
[Date "1999.04.30"]
[Round "?"]
[White "RM"]
[Black "Hossa"]
[Result "0-1"]
[WhiteElo "2412"]
[BlackElo "2517"]
[PlyCount "92"]

1. e4 c5 2. Nf3 d6 3. d4 cxd4 4. Nxd4 Nf6 5. Nc3 g6 6. f4 Bg7 7. e5 Bg4 8. exf6
Bxd1 9. fxg7 Rg8 10. Nxd1 Nd7 11. Nc3 a6 12. Be3 Rxg7 13. O-O-O Rc8 14. Bd3
Rxc3 15. bxc3 Qa5 16. Nb3 Qxa2 17. Bd4 Rg8 18. Rhe1 Kf8 19. h4 b6 20. Kd2 Qa4
21. Ra1 Qc6 22. Rxa6 e5 23. fxe5 dxe5 24. Be4 Qd6 25. Kc1 exd4 26. cxd4 Qf4+
27. Kb1 Qxh4 28. Re2 Qh1+ 29. Kb2 Kg7 30. Ra7 Nf6 31. Bf3 Qh2 32. Ree7 Rf8 33.
Nd2 Qd6 34. c3 b5 35. Nb3 b4 36. Nc5 bxc3+ 37. Kxc3 Kg8 38. Rab7 Rd8 39. Nb3
Nd7 40. Re3 f5 41. Be2 Qc6+ 42. Bc4+ Kh8 43. Na5 Qxg2 44. Re7 Qg3+ 45. Kc2 Qa3
46. Nb3 46... Qxe7 {RM resigns} 0-1

[Event "ICS rated blitz match"]
[Site "207.99.83.227"]
[Date "1999.04.30"]
[Round "?"]
[White "Hossa"]
[Black "fafonchio"]
[Result "1-0"]
[WhiteElo "2528"]
[BlackElo "2137"]
[PlyCount "61"]

1. d4 e6 2. e4 b6 3. Nf3 Bb7 4. Bd3 Be7 5. Nc3 Nf6 6. e5 Nd5 7. Nxd5 exd5 8.
O-O O-O 9. c3 Re8 10. Qc2 g6 11. Bh6 d6 12. e6 f5 13. Rae1 Nc6 14. Qa4 Bf6 15.
Bb5 Ne7 16. Bxe8 Qxe8 17. Qxe8+ Rxe8 18. Re3 c5 19. Bf4 Nc8 20. Rd1 Kf8 21. Ng5
Kg7 22. Nf7 Be7 23. Bg5 Bxg5 24. Nxg5 h6 25. Nf7 g5 26. Rde1 f4 27. Rh3 Ne7 28.
Rxh6 Nf5 29. Rh5 Kf6 30. Rxg5 cxd4 31. Rxf5+ {fafonchio resigns} 1-0

[Event "ICS rated blitz match"]
[Site "207.99.83.227"]
[Date "1999.04.30"]
[Round "?"]
[White "totoff"]
[Black "Hossa"]
[Result "0-1"]
[WhiteElo "2149"]
[BlackElo "2531"]
[PlyCount "48"]

1. e4 c5 2. Nf3 d6 3. d4 cxd4 4. Nxd4 Nf6 5. Nc3 g6 6. Be3 Bg7 7. Be2 O-O 8.
O-O Nbd7 9. f4 Nc5 10. Bf3 Qd7 11. g4 Nxg4 12. Bxg4 Qxg4+ 13. Qxg4 Bxg4 14. Kg2
Ne6 15. Nb3 f5 16. h3 Bh5 17. Nd5 fxe4 18. Nxe7+ Kh8 19. c3 Rae8 20. Nd5 Rf5
21. Nb4 Ref8 22. Kg3 a5 23. Nc2 g5 24. Nbd4 24... gxf4+ {totoff resigns} 0-1

[Event "ICS rated blitz match"]
[Site "207.99.83.227"]
[Date "1999.04.30"]
[Round "?"]
[White "Hossa"]
[Black "totoff"]
[Result "1-0"]
[WhiteElo "2534"]
[BlackElo "2146"]
[PlyCount "199"]

1. d4 Nf6 2. c4 g6 3. Nc3 Bg7 4. e4 d6 5. Be2 O-O 6. Bg5 Na6 7. Nf3 c5 8. O-O
cxd4 9. Nxd4 Nc5 10. Bf3 Ne6 11. Nxe6 Bxe6 12. Nd5 Bxd5 13. cxd5 h6 14. Be3 Nd7
15. Qd2 Kh7 16. Rac1 Ne5 17. Be2 Qd7 18. Bd4 Rfc8 19. f4 Ng4 20. Rxc8 Qxc8 21.
Bxg7 Kxg7 22. Rc1 Qd7 23. Bxg4 Qxg4 24. Rc7 Qh4 25. Qd4+ Qf6 26. Qxf6+ Kxf6 27.
Rxb7 Rc8 28. Rxa7 Rc1+ 29. Kf2 Rc2+ 30. Kf3 Rxb2 31. h4 h5 32. Ra6 Kg7 33. Ra5
Kf6 34. g3 Rb1 35. Ra6 Kg7 36. Ra7 Kf6 37. Ra8 Rf1+ 38. Ke2 Rg1 39. Kf2 Rb1 40.
Ra6 Kg7 41. Ra7 Kf6 42. Ra4 Rb2+ 43. Ke3 Rg2 44. Kf3 Rb2 45. Ra6 Kg7 46. Ra7
Kf6 47. Ra8 Kg7 48. Ra3 Kf6 49. Ke3 Rb4 50. Ra6 Kg7 51. Ra7 Kf6 52. Ra8 Kg7 53.
a3 Rb3+ 54. Kf2 Rb2+ 55. Kf3 Rb3+ 56. Kg2 Rb2+ 57. Kh3 Ra2 58. Ra7 Kf6 59. g4
hxg4+ 60. Kxg4 Rg2+ 61. Kf3 Rh2 62. Kg3 Re2 63. Ra4 Re3+ 64. Kg4 Re1 65. Rb4
Ra1 66. a4 Ra3 67. Rc4 Kg7 68. Rd4 Kf6 69. Rb4 Kg7 70. f5 Kf6 71. fxg6 fxg6 72.
Rc4 Kg7 73. Rc7 Kf6 74. Ra7 Ra1 75. a5 Rg1+ 76. Kf3 Rf1+ 77. Kg3 Re1 78. a6
Rxe4 79. Rd7 Ra4 80. a7 Ra3+ 81. Kg4 Ra4+ 82. Kf3 Ra3+ 83. Ke4 Ra4+ 84. Ke3
Ra3+ 85. Kd2 Ra4 86. Kc3 Ra3+ 87. Kb4 Ra1 88. Kb5 Rb1+ 89. Kc6 Ra1 90. Kb7 Rb1+
91. Kc7 Ra1 92. Kb8 Ke5 93. Rxe7+ Kxd5 94. a8=Q+ Rxa8+ 95. Kxa8 Kd4 96. Rg7 d5
97. Rxg6 Kd3 98. h5 d4 99. Rd6 Ke3 100. h6 {totoff resigns} 1-0

[Event "ICS rated blitz match"]
[Site "207.99.83.227"]
[Date "1999.04.30"]
[Round "?"]
[White "sicillianknight"]
[Black "Hossa"]
[Result "1-0"]
[WhiteElo "2681"]
[BlackElo "2537"]
[PlyCount "84"]

1. d4 d5 2. c4 dxc4 3. Nf3 e6 4. e3 b5 5. Be2 c5 6. O-O cxd4 7. Nxd4 a6 8. Nc3
Bb7 9. Bf3 Ra7 10. Bxb7 Rxb7 11. Qf3 Rd7 12. Nc6 Qc7 13. Nxb8 Qxb8 14. a4 b4
15. Ne2 Bd6 16. Kh1 Bxh2 17. g3 Bxg3 18. fxg3 Qc8 19. Bd2 a5 20. Rad1 Nf6 21.
Nd4 O-O 22. Nc6 Qc7 23. Nd4 Qe5 24. Bc1 Ne4 25. Nc6 Nxg3+ 26. Kg2 Rxd1 27. Rxd1
Qc7 28. Nd4 Nf5 29. Nxf5 exf5 30. Qxf5 c3 31. Rd5 cxb2 32. Bxb2 Qc6 33. Kg1
Qxa4 34. Bxg7 Qa3 35. Bh6 Qa1+ 36. Kh2 Qb2+ 37. Kh3 Qa1 38. Rd1 Qg7 39. Bxg7
Re8 40. Bh6 Rxe3+ 41. Bxe3 h6 42. Rg1+ 42... Kf8 {Hossa resigns} 1-0

[Event "ICS rated blitz match"]
[Site "207.99.83.227"]
[Date "1999.04.30"]
[Round "?"]
[White "brutus"]
[Black "Hossa"]
[Result "0-1"]
[WhiteElo "2149"]
[BlackElo "2527"]
[PlyCount "150"]

1. e4 c5 2. Nf3 d6 3. d4 cxd4 4. Nxd4 Nf6 5. Nc3 g6 6. Bg5 Bg7 7. Qd2 O-O 8. f3
Nc6 9. O-O-O Nxe4 10. Nxc6 Nxd2 11. Nxd8 Nxf1 12. Rhxf1 f6 13. Nxb7 fxg5 14.
Na5 Bxc3 15. bxc3 Bd7 16. Rfe1 Kf7 17. Re4 Rac8 18. Kd2 Bf5 19. Rb4 Be6 20. a3
Rc5 21. Nb7 Rc7 22. a4 Rfc8 23. Re1 Bd5 24. Na5 Rxc3 25. Rb2 R3c5 26. Nb3 Bxb3
27. cxb3 Rd5+ 28. Ke2 Re5+ 29. Kd2 Rxe1 30. Kxe1 d5 31. Kd2 e5 32. h3 d4 33.
Kd3 Rc3+ 34. Kd2 h5 35. b4 g4 36. hxg4 hxg4 37. Ke2 gxf3+ 38. gxf3 g5 39. b5
Ra3 40. Rb4 g4 41. fxg4 Ke6 42. b6 axb6 43. Rxb6+ Kd5 44. Rb5+ Ke4 45. a5 d3+
46. Kd2 Kf4 47. a6 e4 48. Rb4 Rxa6 49. g5 Ra2+ 50. Kd1 Rg2 51. g6 Rxg6 52. Kd2
Rg2+ 53. Ke1 Kf3 54. Rb8 e3 55. Rf8+ Ke4 56. Re8+ Kd4 57. Rd8+ Kc3 58. Rc8+ Kb4
59. Rb8+ Kc5 60. Rc8+ Kb5 61. Rb8+ Kc6 62. Rc8+ Kb7 63. Rf8 Rg1+ 64. Rf1 Rxf1+
65. Kxf1 Kc6 66. Ke1 Kd5 67. Kd1 Ke4 68. Ke1 Kf3 69. Kd1 Kf2 70. Kc1 e2 71. Kb2
d2 72. Kb3 e1=Q 73. Kc4 d1=Q 74. Kc5 Qa5+ 75. Kc4 75... Qdd5# {
brutus checkmated} 0-1

[Event "ICS rated blitz match"]
[Site "207.99.83.227"]
[Date "1999.04.30"]
[Round "?"]
[White "Hossa"]
[Black "brutus"]
[Result "1-0"]
[WhiteElo "2530"]
[BlackElo "2177"]
[PlyCount "207"]

1. d4 Nf6 2. c4 g6 3. Nc3 d5 4. cxd5 Nxd5 5. e4 Nxc3 6. bxc3 Bg7 7. Nf3 O-O 8.
Ba3 b6 9. Bc4 Bb7 10. O-O Nd7 11. Ng5 c5 12. Qa4 e6 13. Nxe6 fxe6 14. Bxe6+ Kh8
15. Qxd7 Qxd7 16. Bxd7 Rfd8 17. Bb5 cxd4 18. Be7 dxc3 19. Bxd8 Rxd8 20. f3 a6
21. Bc4 b5 22. Be6 Bh6 23. Kh1 b4 24. Rg1 a5 25. h4 Rd2 26. Rae1 Ba6 27. Kh2
Be2 28. Kh3 c2 29. Bb3 Bd1 30. Rxd1 cxd1=Q 31. Rxd1 Rxd1 32. Bxd1 Be3 33. Kg3
Kg7 34. f4 h6 35. h5 g5 36. f5 Kf6 37. Bb3 Ke5 38. Kf3 Bd2 39. g4 Bc3 40. Bc2
Bb2 41. Ba4 Bc3 42. Bd7 Bb2 43. Bc6 Bc3 44. Be8 Bb2 45. Bb5 Bc3 46. Ba4 Bb2 47.
Bc2 Bc3 48. Bd3 Bd4 49. Bb5 Bc5 50. Ba4 Be7 51. Bb3 Bc5 52. Bd1 Bd4 53. Be2 Bc5
54. Bb5 Bd4 55. Bc4 Bc5 56. Bb3 Bd4 57. Bd1 Bc5 58. Be2 Bd4 59. Bf1 Bc5 60. Bc4
Bd4 61. Be6 Bc3 62. Bd5 Bd4 63. Bf7 Bc3 64. Ke3 Bd4+ 65. Kd3 Bc3 66. Bb3 Kf4
67. Bd1 Ke5 68. a3 Kf4 69. axb4 axb4 70. Be2 Ke5 71. Bf3 Kf4 72. Bd1 Ke5 73.
Ke3 Bd4+ 74. Kf3 Bc3 75. Bb3 Bd4 76. Bd5 Bc3 77. Be6 Bb2 78. Ba2 Bd4 79. Bc4
Kd6 80. Bd5 Be5 81. Ke3 Kc5 82. Kd3 Bc3 83. Bf7 Kd6 84. Bb3 Ke5 85. Ke3 Bb2 86.
Bd1 Bc1+ 87. Kd3 Bb2 88. Ba4 Bc3 89. Ke3 Bb2 90. Bb5 Bc1+ 91. Kf3 Kd4 92. Ba4
Kc3 93. e5 Bf4 94. e6 Bd6 95. f6 b3 96. Be8 b2 97. Bg6 Kd4 98. e7 Ke5 99. e8=Q+
Kd5 100. f7 Kc4 101. Qc6+ Kb3 102. Bc2+ Ka2 103. Qc4+ Ka3 104. Qb3# {
brutus checkmated} 1-0

[Event "ICS rated blitz match"]
[Site "207.99.83.227"]
[Date "1999.04.30"]
[Round "?"]
[White "SuperChicken"]
[Black "Hossa"]
[Result "1-0"]
[WhiteElo "2715"]
[BlackElo "2559"]
[PlyCount "140"]

1. e4 c5 2. Nf3 d6 3. Nc3 Nc6 4. d4 cxd4 5. Nxd4 g6 6. Bb5 Bd7 7. Nxc6 bxc6 8.
Bc4 Bg7 9. Qd3 Nf6 10. O-O O-O 11. Bg5 Be6 12. Bxe6 fxe6 13. Rad1 Qa5 14. Bh4
Rab8 15. Qc4 Rxb2 16. Na4 Rb4 17. Qxe6+ Kh8 18. Nc3 Rb2 19. Nb1 Qh5 20. Bg3 Ng8
21. c4 Rf6 22. Qd7 Rxa2 23. Qxc6 Rf8 24. Rfe1 Nh6 25. Rd5 Qg4 26. Rd2 Ra1 27.
c5 Rb8 28. f3 Qg5 29. Rd5 Bd4+ 30. Kf1 e5 31. f4 Rf8 32. Rxd4 exd4 33. cxd6 Qa5
34. d7 Qa6+ 35. Qxa6 Rxa6 36. e5 Nf5 37. e6 Ra1 38. Bh4 Rb8 39. d8=Q+ Rxd8 40.
Bxd8 Kg7 41. e7 Nd6 42. Bc7 Ne8 43. Be5+ Kf7 44. Bxd4 Ra4 45. Be3 Kxe7 46. Nc3
Rc4 47. Bxa7+ Kf8 48. Ne2 Nf6 49. Bd4 Nd5 50. Rb1 Rc7 51. Rb8+ Kf7 52. Be5 Rd7
53. Kf2 h5 54. h3 Re7 55. Nd4 Ra7 56. g4 hxg4 57. hxg4 Ra2+ 58. Kg3 Ne7 59. Rb7
Ke8 60. f5 Ra3+ 61. Kf4 Nd5+ 62. Kg5 Re3 63. fxg6 Rxe5+ 64. Nf5 Kd8 65. g7 Re8
66. Rb8+ Kc7 67. Rxe8 Kb6 68. g8=Q Nc7 69. Qb3+ Ka7 70. Qb8+ 70... Ka6 {
Hossa resigns} 1-0

[Event "ICS rated blitz match"]
[Site "207.99.83.227"]
[Date "1999.04.30"]
[Round "?"]
[White "rajah"]
[Black "Hossa"]
[Result "0-1"]
[WhiteElo "2488"]
[BlackElo "2486"]
[PlyCount "50"]

1. c4 e5 2. Nc3 Nc6 3. Nf3 Bb4 4. Nd5 Ba5 5. e4 Nf6 6. Qa4 O-O 7. b4 Nxd5 8.
cxd5 Nxb4 9. a3 f5 10. exf5 c5 11. axb4 Bxb4 12. g4 d6 13. Be2 Qe7 14. O-O Bd7
15. Qb3 e4 16. Ne1 h5 17. h3 hxg4 18. hxg4 b6 19. Nc2 Ba5 20. Ne3 Bb4 21. Qd1
Qf6 22. Ra2 Qh6 23. Bb2 Kf7 24. Qc2 Rh8 25. Qxe4 25... Qh2# {rajah checkmated}
0-1

[Event "ICS Rated blitz match"]
[Site "207.99.83.227"]
[Date "1999.04.30"]
[Round "?"]
[White "Hossa"]
[Black "rajah"]
[Result "0-1"]
[WhiteElo "2502"]
[BlackElo "2472"]
[PlyCount "99"]

1. d4 d5 2. c4 c6 3. cxd5 cxd5 4. e3 Nd7 5. Nf3 e6 6. Bd2 Qb6 7. Bc3 Ngf6 8.
Bd3 Bb4 9. Qc2 O-O 10. O-O Kh8 11. a3 Bd6 12. Nbd2 Qc7 13. Rac1 b6 14. e4 dxe4
15. Nxe4 Nxe4 16. Bxe4 Bb7 17. Ne5 Nf6 18. Bxb7 Qxb7 19. Qe2 Rfd8 20. f4 Rac8
21. f5 Bxe5 22. Qxe5 Rd5 23. Qe3 exf5 24. a4 Qd7 25. b3 Re8 26. Qf4 Qe7 27.
Rce1 Ne4 28. Bb2 Kg8 29. Re2 Qb4 30. Qf3 Qd6 31. Rc1 b5 32. axb5 Rxb5 33. Re3
a5 34. Ra1 Qe6 35. Qd1 Rd5 36. Rc1 Re7 37. Qf3 Rb7 38. Rc4 Rb8 39. Ba3 Re8 40.
Qf4 Rb5 41. Qf1 Qd5 42. Qd3 Reb8 43. Rc1 f6 44. Rb1 R8b6 45. Rb2 Rc6 46. Qd1
Qxd4 47. Qe1 Rc3 48. Rbe2 Rxe3 49. Rxe3 Rxb3 50. Bc1 {Hossa resigns} 0-1